Sports Quiz

Random Sports Quiz

1990s Atlanta Braves All-Stars Quiz Stats

Quiz not verified by Sporcle

Challenge
Share
Tweet
Embed
Score 0/37 Timer 07:00
0 Plays Today
Year Player % Correct
1994Greg Maddux
98.6%
1995Greg Maddux
98.6%
1996Greg Maddux
98.6%
1997Greg Maddux
98.6%
1998Greg Maddux
98.6%
1992John Smoltz
98.5%
1993John Smoltz
98.5%
1996John Smoltz
98.5%
1991Tom Glavine
98.4%
1992Tom Glavine
98.4%
1993Tom Glavine
98.4%
1996Tom Glavine
98.4%
1997Tom Glavine
98.4%
1998Tom Glavine
98.4%
1996Chipper Jones
97.1%
1997Chipper Jones
97.1%
1998Chipper Jones
97.1%
1997Javy Lopez
90.1%
1998Javy Lopez
90.1%
Year Player % Correct
1993David Justice
84.8%
1994David Justice
84.8%
1994Fred McGriff
81.4%
1995Fred McGriff
81.4%
1996Fred McGriff
81.4%
1993Steve Avery
77.1%
1992Terry Pendleton
73.1%
1993Jeff Blauser
70.8%
1997Jeff Blauser
70.8%
1992Ron Gant
69.5%
1996Mark Wohlers
56.1%
1998Andres Galarraga
52.2%
1997Kenny Lofton
51.6%
1999Kevin Millwood
48.6%
1997Denny Neagle
47.6%
1990Greg Olson
41.6%
1998Walt Weiss
41.3%
1999Brian Jordan
37.9%

You're not logged in!

Compare scores with friends on all Sporcle quizzes.
Join for Free
OR
Log In

You Might Also Like...

Show Comments

Extras

Top Quizzes Today


Score Distribution

Your Account Isn't Verified!

In order to create a playlist on Sporcle, you need to verify the email address you used during registration. Go to your Sporcle Settings to finish the process.

Report this User

Report this user for behavior that violates our Community Guidelines.

Details: